| 000 | 01658nam a2200493 i 4500 | ||
|---|---|---|---|
| 001 | 29050 | ||
| 003 | KOSZ 005 | ||
| 005 | 20221122114003.0 | ||
| 008 | 970904s1989 pl a |000 0 pol | ||
| 015 | _aUWD 1990/2531 | ||
| 020 | _a8301092696 | ||
| 020 | _a8301093846 | ||
| 035 | _a991002083139705066 | ||
| 035 | _a(PL-WaBN)b10579643-48omnis_nlop | ||
| 035 | _ab10579643 | ||
| 035 | _a(OCoLC)749143886 | ||
| 035 | _a(PL)b0000001057964 | ||
| 035 | _a(EXLNZ-48OMNIS_NETWORK)9910002734605606 | ||
| 040 |
_aWA N _cWA N _dWA N _dKOSZ 005/HR |
||
| 046 | _k1989 | ||
| 080 | _a57.08 | ||
| 080 | _a543.4/.5 | ||
| 245 | 0 | 0 |
_aBiospektroskopia. _nT. 2 / _cpod red. Jacka Twardowskiego ; [aut. Józef S. Kwiatkowski et al.]. |
| 260 |
_aWarszawa : _bPaństwowe Wydawnictwo Naukowe, _c1989. |
||
| 300 |
_a312 s. : _brys., wykr. ; _c21 cm. |
||
| 336 |
_aTekst _btxt _2rdacontent |
||
| 337 |
_aBez urządzenia pośredniczącego _bn _2rdamedia |
||
| 338 |
_aWolumin _bnc _2rdacarrier |
||
| 380 | _aKsiążki | ||
| 388 | _a1901-2000 | ||
| 388 | _a1989-2000 | ||
| 504 | _aBibliogr. przy rozdz. | ||
| 650 | 7 |
_aAnaliza spektralna _2DBN |
|
| 650 | 7 | _aBiologia molekularna | |
| 650 | 7 |
_aSpektroskopia _2DBN |
|
| 650 | 7 |
_aZastosowanie i wykorzystanie _2DBN |
|
| 658 | _aBiologia | ||
| 700 | 1 |
_aKwiatkowski, Józef Stanisław _d(1936-2000) _eAutor |
|
| 700 | 1 |
_aTwardowski, Jacek _eRedakcja |
|
| 710 |
_aPaństwowe Wydawnictwo Naukowe _4pbl |
||
| 856 |
_uhttp://koha.tu.koszalin.pl/cgi-bin/koha/opac-detail.pl?biblionumber=29050 _yKatalog online BPK |
||
| 942 |
_2UKD _cKS |
||
| 999 |
_c29050 _d29050 |
||